000 00947nam a22002297a 4500
005 20250422161117.0
008 250422b |||||||| |||| 00| 0 eng d
020 _a978-93-86236-41-8 (hbk)
037 _cTB
040 _aCRL
_cCRL
041 _2hin
_ahin
084 _aO152,3M80:g(4) Q7
_qCRL
100 _aआलमगीर
_9752734
245 _aप्रेमचंद की पत्रकारिता
260 _aदिल्ली, भारत:
_bए. आर. पब्लिशिंग कंपनी,
_c2017.
300 _a160पृ0
365 _b400.00
_cINR
650 _2हिन्दी कहानी
650 _2हिन्दी साहित्य
942 _2CC
_cTB
_hO152,3M80:g(4) Q7
_n0
999 _c1309285
_d1309285